Entry Nombre corporativo
001 - NÚMERO DE CONTROL
- campo de control: 29137
003 - IDENTIFICADOR DEL NÚMERO DE CONTROL
- campo de control: OSt
005 - FECHA Y HORA DE LA ÚLTIMA TRANSACCIÓN
- campo de control: 20220321135113.0
008 - DATOS DE LONGITUD FIJA
- campo de control de longitud fija: 200615|| aca||aabn | a|a d
040 ## - FUENTE DE LA CATALOGACIÓN
- Centro catalogador/agencia de origen: OSt
- Centro/agencia transcriptor: OSt
110 2# - ENCABEZAMIENTO-NOMBRE DE ENTIDAD CORPORATIVA
- Nombre de entidad corporativa o nombre de jurisdicción como elemento de entrada: Organización de Estados Iberoamericanos para la Educación, la Ciencia y la Cultura
410 2# - TRAZADO DE VÉASE--NOMBRE DE ENTIDAD CORPORATIVA
- Nombre de entidad corporativa o nombre de jurisdicción como elemento de entrada: OEI
410 2# - TRAZADO DE VÉASE--NOMBRE DE ENTIDAD CORPORATIVA
- Nombre de entidad corporativa o nombre de jurisdicción como elemento de entrada: Organización de Estados Iberoamericanos
410 2# - TRAZADO DE VÉASE--NOMBRE DE ENTIDAD CORPORATIVA
- Nombre de entidad corporativa o nombre de jurisdicción como elemento de entrada: Organización do Estados Ibero-Americanos para a Educación , a Ciencia e a Cultura
510 2# - TRAZADO DE VÉASE ADEMÁS--NOMBRE DE ENTIDAD CORPORATIVA
- Nombre de entidad corporativa o nombre de jurisdicción como elemento de entrada: Oficina de Educación Iberoamericana
670 ## - FUENTE DE DATOS ENCONTRADOS
- Cita de la fuente: Gestão de inovações no ensino médio, 2006:
- Información encontrada: t.p. (OEI) t.p. verso (Organización do Estados Ibero-Americanos para a Educación, a Ciencia e a Cultura)
670 ## - FUENTE DE DATOS ENCONTRADOS
- Cita de la fuente: Educación, mayo-jun. 1986:
- Información encontrada: t.p. (Organización de Estados Iberoamericanos para la Educación, la Ciencia y la Cultura (OEI)); jul.-agosto 1985: t.p. (Oficina de Educación Iberoamericana; OEI)
670 ## - FUENTE DE DATOS ENCONTRADOS
- Cita de la fuente: La Cultura popular en el Caribe, 1990- :
- Información encontrada: v. 1, spine (La Organización de Estados Iberoamericanos) p. 5, etc. (OEI; Organización de Estados Iberoamericanos para la Educación, la Ciencia y la Cultura)
